000 00477nam a2200193Ia 4500
005 20240823012617.0
008 240823s9999||||xx |||||||||||||| ||und||
020 _a0-07-049501-7
041 _aENGLISH
082 _A519 P3
100 _aVeerarajan T
245 0 _aEngineering Mathematics
250 _a2nd
260 _c2003
_b"TMH,New "
_aNew Delhi
500 _aTRANSFERED
650 _aEngineering Mathematics
_bSoftware Engineering
942 _cBK
999 _c164897
_d164897